000 00929nam a2200277 i 4500
003 EG-GICUC
005 20260418023308.0
008 260418s1908 ua |||fr|||| 00| 0 fre d
040 _aEG-GiCUC
_bfre
_cEG-GiCUC
_dEG-GiCUC
_eRda
082 0 4 _221
_a343.1062
_bGR . D
092 0 4 _221
099 _aLaw1 10 343.1062 GR . D 1908
100 1 _aGrandmoulin, J
_eAuteur
245 1 3 _aLe Droit Pénal Égyptien :
_bIndigene.
_nTome Premier /
_cPar J. Grandmoulin.
264 3 _aLe Cairo :
_bImprimerie Nationale,
_c1908.
300 _aVi - Xi 466 page;
_billustration ;
_c 24 cm.
336 _2rda contenu
_a texte
337 _2rda medias
_aOrdinateur
338 _2 transporteur rda
_a Ressource en ligne
650 1 _aDroit Pénal Général
_yEgypt
_2qrmak
650 1 _aDroit Do Pénal
_2qrmak
651 1 _2qrmak
856 4 0 _uhttps://fll.law.cu.edu.eg/fulltext/bks/B10-10011.pdf
905 _a54
942 _2ddc
_cBK
_e21
_n0
999 _c71567
_d71567